000 00473nam a22001697a 4500
003 OSt
005 20140310182520.0
008 130810t xxu||||| |||| 00| 0 eng d
020 _a9810699948
050 _aQD 251.3
_b.B892 2007
100 _aBruice, Paula Yurkanis
_99328
245 _aEssential organic chemistry /
_cPaula Yurkanis Bruice.
260 _aPhilippines :
_bPearson,
_cc2007.
300 _a557 p. :
_bill. ;
_c26 cm.
942 _2lcc
_cSSLC
999 _c14009
_d14009